000 00741cam a22002413a 4500
001 19329
003 PGUSA
005 20140828083417.0
008 060919s2006||||xxu|||||s|||||000 | eng d
040 _aPGUSA
_beng
042 _adc
050 4 _aDA
100 1 _aO'Mahony, John,
_d1816-1877
245 1 4 _aThe Sunny Side of Ireland :
_bHow to see it by the Great Southern and Western Railway
_h[electronic resource] /
_cJohn O'Mahony
260 _bProject Gutenberg,
_c2006
506 _aPublic domain in the USA.
516 _aElectronic text
653 _aIreland -- Guidebooks
700 1 _aPraeger, Robert Lloyd,
_d1865-1953
830 0 _aProject Gutenberg
_v19329
856 4 0 _uhttp://www.gutenberg.org/ebooks/19329
942 _cEB
999 _c248584
_d248584